Good Country (Record no. 16123)

MARC details
000 -LEADER
fixed length control field 00590nam a2200241 a 4500
020 ## - INTERNATIONAL STANDARD BOOK NUMBER
ISBN 8173041
082 00 - DEWEY DECIMAL CLASSIFICATION NUMBER
Classification number 954.75
Author Cutter TAM
100 ## - MAIN ENTRY--AUTHOR NAME
Author name Tambs-Lyche, Harald
245 ## - TITLE STATEMENT
Title Good Country
260 ## - PUBLICATION, DISTRIBUTION, ETC. (IMPRINT)
Place of publication New Delhi
Name of publisher Manohar Pub.
Year of publication 2004
300 ## - PHYSICAL DESCRIPTION
Number of Pages 354p
500 ## - GENERAL NOTE
General note includes index and biblioraphy
505 2# - FORMATTED CONTENTS NOTE
Formatted contents note Notes
650 ## - SUBJECT ADDED ENTRY--TOPICAL TERM
Topical Term India-History Saurashtra
942 ## - ADDED ENTRY ELEMENTS (KOHA)
Koha item type Books
700 1# -
-- Tambs-Lyche, Harald
Holdings
Collection code Home library Current library Date acquired Cost, normal purchase price Full call number Accession Number Koha item type
  Henry Martyn Institute Library Henry Martyn Institute Library 04/10/2007 795.00 954.75 TAM 020919 Books
                   Copyright © 2026 | Henry Martyn Institute | Hyderabad | TS-500052 | INDIA | Implemented by hmi.edu.in
Hit-Count:

Powered by Koha